000 00604nam a2200205Ii 4500
001 6662
003 CO-ViMGA
008 241108s9999||||xx |||||||||||||| ||und||
040 _aCO-ViMGA
_bspa
_erda
_cCO-ViMGA
041 0 _aunk
082 0 4 _aC863.44-V495l
100 1 _aJorge Vergel Cabrales
_955465
245 1 0 _aLos ojos duros de la espera
264 1 _a[Lugar de publicación no identificado] : Lealon, 1986
300 _avolumen
336 _atext
_btxt
_2rdacontent
337 _aunmediated
_bn
_2rdamedia
338 _avolume
_bnc
_2rdacarrier
940 _aidficha_siabuc: 6510. -- ficha_no_siabuc:6662
999 _c53019
_d53019